| 000 | 00438nam a22001457a 4500 | ||
|---|---|---|---|
| 003 | MACL | ||
| 005 | 20190602161559.0 | ||
| 008 | 190602b xxu||||| |||| 00| 0 eng d | ||
| 040 | _cMACL | ||
| 100 |
_aविमल मित्र _943646 |
||
| 245 | _aस्त्री | ||
| 260 |
_aदिल्ली _bसन्मार्ग प्रकाशन _c1983 |
||
| 650 |
_aउपन्यास _975196 |
||
| 942 |
_2ddc _cHIN |
||
| 999 |
_c60014 _d60014 |
||